000 01453cam a2200397 i 4500
001 12686
003 BDJhCC
005 20230506105657.0
008 230506s2012 nyua b 000 0aeng
010 _a 2012371921
020 _a9780525953722
022 _29780525953722
035 _a(BDJhCC)12686
040 _aDLC
_beng
_cDLC
_erda
_dBDJhCC
042 _apcc
043 _an-us---
_aa-pk---
050 0 0 _aVG87
_b.O94 2012b
082 0 0 _a958.104/6092
_aB
_223
_bOWN 2012
100 1 _aOwen, Mark,
_d1976?-
245 1 0 _aNo easy day :
_bthe autobiography of a Navy SEAL : the firsthand account of the mission that killed Osama Bin Laden /
_cMark Owen ; with Kevin Maurer.
264 1 _aNew York, New York :
_bDutton,
_c[2012]
300 _axiii, 316 pages :
_billustrations (some color) ;
_c24 cm
336 _atext
_2rdacontent
337 _aunmediated
_2rdamedia
338 _avolume
_2rdacarrier
504 _aIncludes bibliographical references (pages 311-313).
600 1 0 _aOwen, Mark,
_d1976?-
600 1 0 _aBin Laden, Osama,
_d1957-2011
_xAssassination.
600 1 0 _aBin Laden, Osama,
_d1957-2011
_xDeath and burial.
610 1 0 _aUnited States.
_bNavy.
_bSEALs
_vBiography.
610 1 0 _aUnited States.
_bNavy
_xCommando troops
_vBiography.
610 2 0 _aQaida (Organization)
700 1 _aMaurer, Kevin.
942 _2ddc
_cBK
999 _c12686
_d12686